| 000 | 00407nam a22001697a 4500 | ||
|---|---|---|---|
| 005 | 20160625112705.0 | ||
| 008 | 160625b xxu||||| |||| 00| 0 eng d | ||
| 020 | _a81-229-0192-1 | ||
| 041 | _aeng | ||
| 082 | _b10155 | ||
| 100 |
_aHerrck, Dennis F _92748 |
||
| 245 | _aMedia Management the age of Giants | ||
| 260 |
_bSurjeet _c2005 |
||
| 300 | _a382 | ||
| 650 |
_aMass Communication _92660 |
||
| 942 | _cBK | ||
| 999 |
_c3968 _d3967 |
||